| Record ID | ia:kingfisherillust00craw |
| Source | Internet Archive |
| Download MARC XML | https://archive.org/download/kingfisherillust00craw/kingfisherillust00craw_marc.xml |
| Download MARC binary | https://www.archive.org/download/kingfisherillust00craw/kingfisherillust00craw_meta.mrc |
LEADER: 00978cam 2200265Ka 4500
001 ocm36134266
003 OCoLC
005 20100325135240.0
008 961226s1996 nyua d 000 0 eng d
040 $aKPR$cKPR$dOCL$dOCLCQ
020 $z1856976726
035 $a(OCoLC)36134266
037 $aL-96061-00$bAPHB
245 04 $aThe Kingfisher illustrated pocket dictionary /$c[edited by] Angela Crawley ... [et al.].
246 33 $aKingfisher pocket dictionary
250 $a1st American ed.
260 $aNew York :$bKingfisher,$c1996.
300 $a(2), 236 p. :$bcol. ill. ;$c19 cm.
520 $aA dictionary for ages nine to thirteen, with entries identifying part of speech and definition.
533 $aLarge print.$bLouisville, Ky. :$cAmerican Printing House for the Blind.
650 0 $aEnglish language$vDictionaries, Juvenile.
650 1 $aEnglish language$vDictionaries.
700 1 $aCrawley, Angela.
994 $aZ0$bPMR
948 $hNO HOLDINGS IN PMR - 3 OTHER HOLDINGS